| 000 | 00629cam a22002293a 4500 | ||
|---|---|---|---|
| 001 | 26003 | ||
| 003 | PGUSA | ||
| 005 | 20140828083547.0 | ||
| 008 | 080707s2008||||xxu|||||s|||||000 | eng d | ||
| 040 |
_aPGUSA _beng |
||
| 042 | _adc | ||
| 050 | 4 | _aBT | |
| 100 | 1 |
_aMurray, Andrew, _d1828-1917 |
|
| 245 | 1 | 0 |
_a'Jesus Himself' _h[electronic resource] / _cAndrew Murray |
| 260 |
_bProject Gutenberg, _c2008 |
||
| 506 | _aPublic domain in the USA. | ||
| 516 | _aElectronic text | ||
| 653 | _aJesus Christ -- Significance | ||
| 830 | 0 |
_aProject Gutenberg _v26003 |
|
| 856 | 4 | 0 | _uhttp://www.gutenberg.org/ebooks/26003 |
| 942 | _cEB | ||
| 999 |
_c255258 _d255258 |
||